Statistics for Digits of e (Euler's Number)

Click here to take the quiz!

General Stats

  • This quiz has been taken 1,135 times
    (1,130 since last reset)
  • The average score is 16 of 38

Answer Stats

Digit% Correct
2
100%
7
98%
1
96%
8
91%
2
88%
8
87%
1
85%
8
81%
2
80%
8
77%
4
68%
5
66%
9
62%
0
57%
4
54%
5
54%
2
42%
3
40%
5
35%
3
32%
6
28%
0
25%
2
23%
8
19%
7
16%
4
14%
7
14%
1
12%
3
12%
5
11%
2
10%
6
9%
2
7%
6
7%
4
6%
9
6%
7
5%
7
5%

Score Distribution

Percentile by Number Answered

Percent of People with Each Score

Your Score History

You have not taken this quiz since the last reset